01604cam a22003255a 450000100090000000300090000900500170001800800410003502000150007602000180009104000380010908200170014710000510016424500640021526400460027930000530032533600260037833700280040433800270043249000350045950400530049452004640054765000300101165100100104165300240105165500240107594200120109999900170111195201500112813058804EG-ScBUE20220407114455.0030115s2003 enka f b 001 0 eng d a0192801481 a9780192801487 aDLCbengerdacDLCdDLCdEG-ScBUE04a410bMAT2221 aMatthews, P. H.q(Peter Hugoe)eauthor.93975310aLinguistics :ba very short introduction /cP. H. Matthews. 1aOxford :bOxford University Press,c2003. a[xi], 134 pages :billustrations, maps ;c18 cm. 2rdacontentatextbtxt 2rdamediaaunmediatedbn 2rdacarrieravolumebnc0 aVery short introductions ;v93 aIncludes bibliographical references and index.  aLinguistics falls in the gap between arts and science, on the edges of which the most fascinating discoveries and the most important problems are found. Beginning at the 'arts' end of the subject with the common origins of languages, and finishing at the 'science' end with the newest discoveries regarding language in the brain, this stimulating guide covers all the major aspects of linguistics from a refreshing and insightful angle.-publisher description. 7939740aLinguistics2BUEsh 2BUEsh cApril2016bHHUUEENN vReading book934232 2ddccBB c21564d21536 00102ddc40708Modern A. aMAINbMAINc2NDd2016-04-03ePurchaseg63.00h229l0o410 MATp000032248r2025-07-15 00:00:00v78.75w2016-04-03yBB